Bodas de sangre /

Guardado en:
Autor Principal: García Lorca, Federico
Formato: Libro
Publicado: Buenos Aires : Cántaro, 1999
Series:Colección Del Mirador
Materias:
Etiquetas: Agregar Etiqueta
Sin Etiquetas, Sea el primero en etiquetar este registro!
LEADER 00614nam a22002175a 4500
001 CEM.cems010493
005 20080513131303.0
008 130507s1999##################000#0#####d
003 CEMS
020 |a 9507530207 
082 0 4 |a 862.6 
100 1 |a García Lorca, Federico 
245 1 0 |a Bodas de sangre /  |c Federico García Lorca 
260 |a Buenos Aires :  |b Cántaro,  |c 1999 
300 |a 110 p. 
490 0 |a Colección Del Mirador 
653 |a Literatura 
653 |a Litertura española 
653 |a Teatro 
653 |a Teatro español-siglo 20 
859 |a CEMS  |b BIB. CEMS - 11 de abril  |h 862.6  |i G165-10  |p 20944.00  |t Ej.1